Every Bruce Springsteen Song - Statistics

General Stats
  • This quiz has been taken 125 times
    40 since last reset
  • The average score is 105 of 492
Answer Stats
Hint Answer % Correct
Born to Run Born to Run
88%
Born in the U.S.A Born in the U.S.A
81%
The River The River
81%
Born to Run Thunder Road
75%
Darkness on the Edge of Town Darkness on the Edge of Town
69%
The River Hungry Heart
69%
Nebraska Nebraska
69%
Darkness on the Edge of Town Badlands
63%
Born in the U.S.A I'm On Fire
63%
Nebraska Atlantic City
56%
The River Cadillac Ranch
56%
Born in the U.S.A Dancing in the Dark
56%
Greeting From Asbury Park, N.J. Growin' Up
56%
Born to Run Jungleland
56%
Born to Run Night
56%
18 Tracks | The Promise The Promise
56%
The Rising The Rising
56%
The River The Ties That Bind
56%
Born in the U.S.A Working on the Highway
56%
Greeting From Asbury Park, N.J. Blinded by the Light
50%
Nebraska Johnny 99
50%
Born in the U.S.A | Tracks II: L.A. Garage Sessions '83 My Hometown
50%
The River Sherry Darling
50%
Greatest Hits Streets of Philadelphia
50%
Born to Run Tenth Avenue Freeze-Out
50%
The Wild, The Innocent, and The E Street Shuffle The E Street Shuffle
50%
High Hopes | The Ghost of Tom Joad The Ghost of Tom Joad
50%
Wrecking Ball Wrecking Ball
50%
Devils & Dust Devils & Dust
44%
Born in the U.S.A Glory Days
44%
High Hopes High Hopes
44%
Nebraska Highway Patrolman
44%
Human Touch Human Touch
44%
Lucky Town Lucky Town
44%
Magic Magic
44%
The Rising My City of Ruins
44%
Nebraska My Father's House
44%
Born in the U.S.A No Surrender
44%
The River Out in the Street
44%
Tracks Pink Cadillac
44%
Tunnel of Love Tunnel of Love
44%
Darkness on the Edge of Town Adam Raised a Cain
38%
Born to Run Backstreets
38%
Born in the U.S.A Bobby Jean
38%
Tunnel of Love Brilliant Disguise
38%
Born in the U.S.A Cover Me
38%
Born in the U.S.A Darlington County
38%
Born in the U.S.A Downbound Train
38%
The Wild, The Innocent, and The E Street Shuffle Incident on 57th Street
38%
The River I Wanna Marry You
38%
The River Jackson Cage
38%
Letter to You Letter to You
38%
Nebraska Mansion on the Hill
38%
Only the Strong Survive Nightshift
38%
Working on a Dream Queen of the Supermarket
38%
Darkness on the Edge of Town Racing in the Street
38%
The River Ramrod
38%
The Wild, The Innocent, and The E Street Shuffle Rosalita (Come Out Tonight)
38%
Greatest Hits | Tracks II: Streets of Philadelphia Sessions Secret Garden
38%
Nebraska State Trooper
38%
The River | Tracks Stolen Car
38%
Darkness on the Edge of Town The Promised Land
38%
Tunnel of Love Tougher Than the Rest
38%
Working on a Dream Working on a Dream
38%
High Hopes | Live in New York City American Skin (41 Shots)
31%
Greatest Hits Blood Brothers
31%
The River Crush On You
31%
Greeting From Asbury Park, N.J. Does This Bus Stop At 82nd Street?
31%
The River Drive All Night
31%
The River Fade Away
31%
Tracks II: Faithless Faithless
31%
Live 1975-85 | The Promise Fire
31%
Greeting From Asbury Park, N.J. For You
31%
Letter to You Ghosts
31%
Lucky Town If I Should Fall Behind
31%
The River I'm a Rocker
31%
The River Independence Day
31%
Tracks II: Inyo Inyo
31%
Greeting From Asbury Park, N.J. It's Hard to Be a Saint in the City
31%
The Wild, The Innocent, and The E Street Shuffle Kitty's Back
31%
Greeting From Asbury Park, N.J. Mary, Queen of Arkansas
31%
Western Stars Moonlight Motel
31%
Greatest Hits Murder Incorporated
31%
Only the Strong Survive Only the Strong Survive
31%
Nebraska Open All Night
31%
Tracks II: Perfect World Perfect World
31%
The River Point Blank
31%
Darkness on the Edge of Town Prove It All Night
31%
Magic Radio Nowhere
31%
Born to Run She's the One
31%
Greeting From Asbury Park, N.J. Spirit in the Night
31%
The River The Price You Pay
31%
Tracks II: Twilight Hours Twilight Hours
31%
The River Two Hearts
31%
The Rising Waitin' on a Sunny Day
31%
Western Stars Western Stars
31%
The River Wreck on the Highway
31%
The River You Can Look (But You Better Not Touch)
31%
Human Touch 57 Channels (And Nothin' On)
25%
The Promise Ain't Good Enough For You
25%
Tunnel of Love Ain't Got You
25%
American Beauty American Beauty
25%
Darkness on the Edge of Town Candy's Room
25%
Chimes of Freedom Chimes of Freedom
25%
Wrecking Ball Death to My Hometown
25%
Darkness on the Edge of Town Factory
25%
Tracks Frankie
25%
Tracks Happy
25%
Western Stars Hitch Hikin'
25%
Letter to You If I Was the Priest
25%
Letter to You I'll See You in My Dreams
25%
Born in the U.S.A I'm Goin' Down
25%
Magic Long Walk Home
25%
Nebraska '82 Losin' Kind
25%
Born to Run Meeting Across the River
25%
The Ghost of Tom Joad My Best Was Never Good Enough
25%
The Wild, The Innocent, and The E Street Shuffle New York City Serenade
25%
Tunnel of Love One Step Up
25%
Working on a Dream Outlaw Pete
25%
Tracks Part Man, Part Monkey
25%
Nebraska Reason to Believe
25%
Tracks Seaside Bar Song
25%
The Ghost of Tom Joad Sinaloa Cowboys
25%
Darkness on the Edge of Town Something in the Night
25%
Tracks II: Somewhere North of Nashville | Western Stars Somewhere North of Nashville
25%
Tracks II: Twilight Hours Sunday Love
25%
Greeting From Asbury Park, N.J. The Angel
25%
Western Stars There Goes My Miracle
25%
Tracks The Wish
25%
Working on a Dream The Wrestler
25%
Wrecking Ball This Depression
25%
Tunnel of Love Two Faces
25%
Nebraska Used Cars
25%
Wrecking Ball We Are Alive
25%
We Shall Overcome: The Seeger Sessions We Shall Overcome
25%
The Wild, The Innocent, and The E Street Shuffle 4th of July, Asbury Park (Sandy)
19%
Only the Strong Survive 7 Rooms of Gloom
19%
The Ghost of Tom Joad Across the Border
19%
Tracks A Good Man Is Hard To Find (Pittsburgh)
19%
We Shall Overcome: The Seeger Sessions | Wrecking Ball American Land
19%
Tracks Back in Your Arms
19%
Lucky Town Better Days
19%
Tracks II: Streets of Philadelphia Sessions Blind Spot
19%
Letter to You Burnin' Train
19%
The Promise Candy's Boy
19%
Tracks Car Wash
19%
Tunnel of Love Cautious Man
19%
Western Stars Chasin' Wild Horses
19%
Nebraska '82 Child Bride
19%
The Essential | The Rising Countin' on a Miracle
19%
Tracks Cynthia
19%
Hammersmith Odeon London '75 Detroit Medley
19%
Tracks Dollhouse
19%
Tracks Don't Look Back
19%
The Ghost of Tom Joad Dry Lightning
19%
High Hopes Frankie Fell in Love
19%
Tracks Gave It a Name
19%
Magic Girls in Their Summer Clothes
19%
Tracks Goin' Cali
19%
Working on a Dream Good Eye
19%
Tracks Hearts of Stone
19%
Only the Strong Survive Hey, Western Union Man
19%
The Ghost of Tom Joad Highway 29
19%
Tracks Iceman
19%
The Rising Into the Fire
19%
Tracks I Wanna Be With You
19%
Only the Strong Survive I Wish It Would Rain
19%
Tracks Janey, Don't You Lose Heart
19%
Tracks II: Somewhere North of Nashville Janey Don't You Lose Heart
19%
Letter to You Janey Needs a Shooter
19%
Live 1975-85 Jersey Girl
19%
Tracks Johnny Bye-Bye
19%
Tracks II: L.A. Garage Sessions '83 Johnny Bye Bye
19%
Live in New York City | Wrecking Ball Land of Hope and Dreams
19%
Tracks Leavin' Train
19%
The Rising Let's Be Friends (Skin to Skin)
19%
Working on a Dream Life Itself
19%
Tracks Linda Let Me Be the One
19%
Tracks Lion's Den
19%
Tracks Living on the Edge of the World
19%
Lucky Town Living Proof
19%
Lucky Town Local Hero
19%
The Rising Lonesome Day
19%
Devils & Dust Long Time Comin'
19%
Tracks Loose Change
19%
Tracks Loose Ends
19%
Greeting From Asbury Park, N.J. Lost in the Flood
19%
Tracks Lucky Man
19%
Tracks Man at the Top
19%
Devils & Dust Matamoros Banks
19%
Tracks II: Streets of Philadelphia Sessions Maybe I Don't Know You
19%
Tracks My Lover Man
19%
Tracks My Love Will Not Let You Down
19%
Working on a Dream My Lucky Day
19%
The Rising Nothing Man
19%
The Rising Paradise
19%
We Shall Overcome: The Seeger Sessions Pay Me My Money Down
19%
Letter to You Power of Prayer
19%
Hammersmith Odeon London '75 Quarter to Three
19%
The Promise Racing in the Street '78
19%
Letter to You Rainmaker
19%
In Concert/MTV Plugged Red Headed Woman
19%
Tracks II: Somewhere North of Nashville Repo Man
19%
Tracks Ricky Wants a Man of Her Own
19%
Tracks Rockaway the Days
19%
Human Touch Roll of the Dice
19%
Tracks Sad Eyes
19%
Tracks Santa Ana
19%
Live 1975-85 Seeds
19%
Tracks Seven Angels
19%
Devils & Dust Silver Palomino
19%
Western Stars Sleepy Joe's Cafe
19%
Tunnel of Love Spare Parts
19%
Tracks | Tracks II: Somewhere North of Nashville Stand On It
19%
Western Stars Stones
19%
Darkness on the Edge of Town Streets of Fire
19%
Western Stars Sundown
19%
Working on a Dream Surprise, Surprise
19%
Tracks Take 'Em as They Come
19%
18 Tracks The Fever
19%
The Rising The Fuse
19%
Tracks The Honeymooners
19%
Working on a Dream The Last Carnival
19%
The Ghost of Tom Joad The Line
19%
The Promise The Way
19%
Western Stars The Wayfarer
19%
Greatest Hits | Tracks This Hard Land
19%
Live 1975-85 This Land is Your Land
19%
Tracks Thundercrack
19%
The Essential Trapped
19%
Tracks Trouble in Paradise
19%
Tracks Trouble River
19%
Western Stars Tucson Train
19%
Tracks TV Movie
19%
Tunnel of Love Valentine's Day
19%
Tracks II: Streets of Philadelphia Sessions Waiting on the End of the World
19%
Live 1975-85 War
19%
Wrecking Ball We Take Care of Our Own
19%
Tracks When You Need Me
19%
Tracks Where the Bands Are
19%
The Wild, The Innocent, and The E Street Shuffle Wild Billy's Circus Story
19%
The Rising Worlds Apart
19%
The Rising You're Missing
19%
Tracks Zero and Blind Terry
19%
Tracks II: Inyo Adelita
13%
Tracks II: Faithless All God's Children
13%
Devils & Dust All I'm Thinkin' About
13%
Human Touch All or Nothin' at All
13%
Tunnel of Love All That Heaven Will Allow
13%
Devils & Dust All the Way Home
13%
Magic Tour Highlights Always a Friend
13%
Tracks II: Perfect World Another Thin Line
13%
Tracks II: Twilight Hours Another You
13%
Only the Strong Survive Any Other Way
13%
Tracks II: Faithless A Prayer by the River
13%
Chapter and Verse Baby I
13%
The Ghost of Tom Joad Balboa Park
13%
Live 1975-85 | The Promise Because the Night
13%
Chimes of Freedom | Tracks Be True
13%
Tracks II: Streets of Philadelphia Sessions Between Heaven and Earth
13%
Tracks Bishop Danced
13%
Devils & Dust Black Cowboys
13%
Tracks II: L.A. Garage Sessions '83 Black Mountain Ballad
13%
Tracks II: Perfect World Blind Man
13%
Tracks II: Somewhere North of Nashville Blue Highway
13%
Lucky Town Book of Dreams
13%
The Promise Breakaway
13%
We Shall Overcome: The Seeger Sessions Bring 'Em Home
13%
Tracks Bring on the Night
13%
We Shall Overcome: The Seeger Sessions Buffalo Gals
13%
The Ties That Bind Outtakes Chain Lightning
13%
The Ties That Bind Outtakes Cindy
13%
The Promise City of Night
13%
Tracks II: Inyo Ciudad Juarez
13%
The Essential Code of Silence
13%
The Promise Come On (Let's Go Tonight)
13%
The Essential | Tracks II: L.A. Garage Sessions '83 County Fair
13%
Human Touch Cross My Heart
13%
Tracks II: Perfect World Cutting Knife
13%
The Essential Dead Man Walkin'
13%
Tracks II: Somewhere North of Nashville Delivery Man
13%
Tracks II: Somewhere North of Nashville Detail Man
13%
Magic Devil's Arcade
13%
Tracks II: Twilight Hours Dinner at Eight
13%
Only the Strong Survive Do I Love You (Indeed I Do)
13%
Tracks II: L.A. Garage Sessions '83 Don't Back Down
13%
Tracks II: L.A. Garage Sessions '83 Don't Back Down On Our Love
13%
Only the Strong Survive Don't Play That Song
13%
High Hopes Down in the Hole
13%
High Hopes Dream Baby Dream
13%
Western Stars Drive Fast (The Stuntman)
13%
Wrecking Ball Easy Money
13%
Tracks II: Inyo El Jardinero (Upon the Death of Ramona)
13%
The Rising Empty Sky
13%
We Shall Overcome: The Seeger Sessions Erie Canal
13%
We Shall Overcome: The Seeger Sessions Eyes on the Prize
13%
Tracks II: Streets of Philadelphia Sessions Farewell Party
13%
Tracks II: L.A. Garage Sessions '83 Follow That Dream
13%
We Shall Overcome: The Seeger Sessions Froggie Went A-Courtin'
13%
The Essential From Small Things (Big Things One Day Come)
13%
Tracks II: L.A. Garage Sessions '83 Fugitive's Dream
13%
Tracks II: L.A. Garage Sessions '83 Fugitive's Dream (Ballad)
13%
The Rising Further On (Up the Road)
13%
The Ghost of Tom Joad Galveston Bay
13%
Tracks Give the Girl A Kiss
13%
Human Touch Gloria's Eyes
13%
Tracks II: Faithless God Sent You
13%
Tracks II: Faithless Goin' to California
13%
The Promise Gotta Get That Feeling
13%
Nebraska '82 Gun In Every Home
13%
Magic Gypsy Biker
13%
High Hopes Harry's Place
13%
High Hopes Heaven's Wall
13%
The Essential Held Up Without a Gun
13%
Western Stars Hello Sunshine
13%
Chapter and Verse Henry Boy
13%
Chapter and Verse He's Guilty (The Judge Song)
13%
American Beauty Hey Blue Eyes
13%
Tracks II: Twilight Hours High Sierra
13%
Letter to You House of a Thousand Guitars
13%
We Shall Overcome: The Seeger Sessions How Can a Poor Man Stand Such Times and Live?
13%
We Shall Overcome: The Seeger Sessions How Can I Keep From Singing?
13%
High Hopes Hunter of Invisible Game
13%
American Beauty Hurry Up Sundown
13%
Tracks II: Perfect World Idiot's Delight
13%
Tracks II: Perfect World If I Could Only Be Your Lover
13%
Only the Strong Survive I Forgot to Be Your Lover
13%
Tracks II: Twilight Hours I'll Stand By You
13%
Magic I'll Work For Your Love
13%
Tracks II: Perfect World I'm Not Sleeping
13%
Tracks II: Inyo Indian Town
13%
The Promise It's a Shame
13%
Human Touch I Wish I Were Blind
13%
Wrecking Ball Jack of All Trades
13%
We Shall Overcome: The Seeger Sessions Jacob's Ladder
13%
We Shall Overcome: The Seeger Sessions Jesse James
13%
Devils & Dust Jesus Was An Only Son
13%
Tracks II: L.A. Garage Sessions '83 Jim Deer
13%
We Shall Overcome: The Seeger Sessions John Henry
13%
High Hopes Just Like Fire Would
13%
Working on a Dream Kingdom of Days
13%
Letter to You Last Man Standing
13%
Magic Last to Die
13%
Tracks II: Twilight Hours Late in the Evening
13%
Devils & Dust Leah
13%
Lucky Town Leap of Faith
13%
Tracks II: Faithless Let Me Ride
13%
The Essential Lift Me Up
13%
In Concert/MTV Plugged Light of Day
13%
Tracks II: L.A. Garage Sessions '83 Little Girl Like You
13%
The Ties That Bind Outtakes Little White Lies
13%
Magic Livin' in the Future
13%
Born to Run 50th Anniversary Lonely Night in the Park
13%
Tracks II: Twilight Hours Lonely Town
13%
Live in Dublin Love of the Common People
13%
Human Touch Man's Job
13%
Devils & Dust Maria's Bed
13%
Tracks Mary Lou
13%
American Beauty Mary Mary
13%
The Rising Mary's Place
13%
The Ties That Bind Outtakes Meet Me in the City
13%
The Essential Missing
13%
The Ties That Bind Outtakes Mr. Outside
13%
We Shall Overcome: The Seeger Sessions Mrs McGrath
13%
Lucky Town My Beautiful Reward
13%
Tracks II: Faithless My Master's Hand
13%
Tracks II: Faithless My Master's Hand (Theme)
13%
We Shall Overcome: The Seeger Sessions My Oklahoma Home
13%
The Ties That Bind Outtakes Night Fire
13%
The Essential None But the Brave
13%
We Shall Overcome: The Seeger Sessions Old Dan Tucker
13%
We Shall Overcome: The Seeger Sessions O Mary Don't You Weep
13%
Tracks II: Streets of Philadelphia Sessions One Beautiful Morning
13%
Tracks II: Inyo One False Move
13%
Tracks II: L.A. Garage Sessions '83 One Love
13%
Letter to You One Minute You're Here
13%
The Promise One Way Street
13%
Nebraska '82 On the Prowl
13%
Tracks II: Inyo Our Lady of Monroe
13%
The Promise Outside Looking In
13%
Tracks Over the Rise
13%
Live 1975-85 Paradise by the "C"
13%
The Ties That Bind Outtakes Party Lights
13%
Human Touch Pony Boy
13%
Tracks II: Somewhere North of Nashville Poor Side of Town
13%
Tracks II: Perfect World Rain in the River
13%
Live 1975-85 Raise Your Hand
13%
Human Touch Real Man
13%
Human Touch Real World
13%
The Promise | Tracks Rendezvous
13%
Devils & Dust Reno
13%
Tracks Restless Nights
13%
Western Stars Movie Rhinestone Cowboy
13%
Tracks II: L.A. Garage Sessions '83 Richfield Whistle
13%
Wrecking Ball Rocky Ground
13%
Tracks Roulette
13%
The Promise Save My Love
13%
Tracks II: Twilight Hours September Kisses
13%
Tracks II: L.A. Garage Sessions '83 Seven Tears
13%
Wrecking Ball Shackled and Drawn
13%
We Shall Overcome: The Seeger Sessions Shenandoah
13%
Tracks | Tracks II: L.A. Garage Sessions '83 Shut Out the Light
13%
Tracks II: Somewhere North of Nashville Silver Mountain
13%
The Promise Someday (We'll Be Together)
13%
Only the Strong Survive Someday We'll Be Together
13%
Tracks II: Streets of Philadelphia Sessions Something in the Well
13%
Letter to You Song for Orphans
13%
Only the Strong Survive Soul Days
13%
Human Touch Soul Driver
13%
Lucky Town Souls of the Departed
13%
Tracks So Young and in Love
13%
The Promise Spanish Eyes
13%
The Ghost of Tom Joad Straight Time
13%
The Ties That Bind Outtakes Stray Bullet
13%
Tracks II: L.A. Garage Sessions '83 Sugarland
13%
Tracks II: Twilight Hours Sunliner
13%
Wrecking Ball Swallowed Up (In the Belly of the Whale)
13%
The Promise Talk To Me
13%
Magic Terry's Song
13%
Tracks II: Inyo The Aztec Dance
13%
Chapter and Verse The Ballad of Jesse James
13%
Lucky Town The Big Muddy
13%
The Essential The Big Payback
13%
The Promise The Brokenhearted
13%
Tracks II: Faithless The Desert
13%
Tracks II: Perfect World The Great Depression
13%
Devils & Dust The Hitter
13%
Tracks II: L.A. Garage Sessions '83 The Klansman
13%
Tracks II: Streets of Philadelphia Sessions The Little Things
13%
The Promise The Little Things (My Baby Does)
13%
Human Touch The Long Goodbye
13%
Tracks II: Inyo The Lost Charro
13%
The Ties That Bind Outtakes The Man Who Got Away
13%
The Ghost of Tom Joad The New Timer
13%
Only the Strong Survive The Sun Ain't Gonna Shine Anymore
13%
The Ties That Bind Outtakes The Time That Never Was
13%
High Hopes The Wall
13%
Tracks II: Faithless The Western Sea
13%
High Hopes This Is Your Sword
13%
Working on a Dream This Life
13%
Live in Dublin This Little Light of Mine
13%
Tracks II: Somewhere North of Nashville Tiger Rose
13%
Working on a Dream Tomorrow Never Knows
13%
Only the Strong Survive Turn Back the Hands of Time
13%
Magic Tour Highlights Turn! Turn! Turn!
13%
Tracks Two for the Road
13%
Tracks II: Twilight Hours Two of Us
13%
Tracks II: Somewhere North of Nashville Under a Big Sky
13%
Tracks II: L.A. Garage Sessions '83 Unsatisfied Heart
13%
The Essential Viva Las Vegas
13%
Tracks Wages of Sin
13%
Tunnel of Love Walk Like a Man
13%
Tracks II: Streets of Philadelphia Sessions We Fell Down
13%
Only the Strong Survive What Becomes of the Brokenhearted
13%
Working on a Dream What Love Can Do
13%
Tracks II: Inyo When I Build My Beautiful House
13%
Only the Strong Survive When She Was My Girl
13%
Tracks When the Lights Go Out
13%
Live in Dublin When the Saints Go Marching In
13%
Tunnel of Love When You're Alone
13%
Tracks II: Faithless Where You Going, Where You From
13%
The Ties That Bind Outtakes Whitetown
13%
Human Touch With Every Wish
13%
The Promise Wrong Side of the Street
13%
Chapter and Verse You Can't Judge a Book by the Cover
13%
Tracks II: Perfect World You Lifted Me Up
13%
Magic You'll Be Comin' Down
13%
The Ghost of Tom Joad Youngstown
13%
Magic Your Own Worst Enemy
13%
Wrecking Ball You've Got It
13%
Tracks Brothers Under the Bridge '95
6%
Tracks Brothers Under the Bridges '83
6%
Tracks II: Twilight Hours Follow the Sun
6%
Tracks II: Somewhere North of Nashville You're Gonna Miss Me When I'm Gone
6%
No matching quizzes found
Score Distribution
Percent of People with Each Score
Percentile by Number Answered
Your Score History
You have not taken this quiz since the last reset